| 000 | 00411nam a2200133Ia 4500 | ||
|---|---|---|---|
| 008 | 231017s9999 xx 000 0 und d | ||
| 082 | _a625.8 | ||
| 082 | _bARA | ||
| 245 | 0 | _aGuide for Mechanistic-Empirical Design of New and Rehabilitated Pavement - Final Document - Appendix RR: Finite Element Procedures for Flexible Pavement Analysis | |
| 245 | 0 | _cTRB | |
| 260 | _bTRB | ||
| 300 | _c30cm | ||
| 942 | _cREP | ||
| 999 |
_c604736 _d604736 |
||